00515nam a2200205 a 4500001001300000003000900013005001700022008004100039020001000080082001500090100001700105245003200122260004200154300000900196500003500205505001000240650002200250650002000272700001700292nice12345678IN_TiNIC20260116013624.0050524s1994 dela grp 000 0 eng  ac25000a305.8bABD aAbdul Aziz,  aPoverty Aleviation in India aDelhibAshish Publishing House c1994 a173p aincludes index and biblioraphy2 aIndex aDevelopment-India aEconomics-India1 aAbdul Aziz,